|
|
|
|
| LEADER |
02370nam a2200469 i 4500 |
| 001 |
EBC5455315 |
| 003 |
MiAaPQ |
| 005 |
20200221183752.0 |
| 006 |
m o d | |
| 007 |
cr cnu|||||||| |
| 008 |
200221s2016 ph ob i000 0 eng d |
| 020 |
|
|
|z 9789292573997
|
| 020 |
|
|
|a 9789292574000 (e-book)
|
| 035 |
|
|
|a (MiAaPQ)EBC5455315
|
| 035 |
|
|
|a (Au-PeEL)EBL5455315
|
| 035 |
|
|
|a (OCoLC)1045450829
|
| 040 |
|
|
|a MiAaPQ
|b eng
|e rda
|e pn
|c MiAaPQ
|d MiAaPQ
|
| 043 |
|
|
|a a------
|a p------
|
| 050 |
|
4 |
|a QC903.2.A78
|b .M66 2016
|
| 082 |
0 |
|
|a 363.7387456095
|2 23
|
| 245 |
0 |
0 |
|a Monitoring, reporting, and verification manual for clean development mechanism projects /
|c Asian Development Bank.
|
| 264 |
|
1 |
|a Mandaluyong City, Metro Manila, Philippines :
|b Asian Development Bank,
|c 2016.
|
| 300 |
|
|
|a 1 online resource (xii, 104 pages)
|
| 336 |
|
|
|a text
|b txt
|2 rdacontent
|
| 337 |
|
|
|a computer
|b c
|2 rdamedia
|
| 338 |
|
|
|a online resource
|b cr
|2 rdacarrier
|
| 500 |
|
|
|a "Publication stock no. TIM157723-2"--Verso of title page.
|
| 504 |
|
|
|a Includes bibliographical references.
|
| 588 |
|
|
|a Description based on print version record.
|
| 590 |
|
|
|a Electronic reproduction. Ann Arbor, MI : ProQuest, 2018. Available via World Wide Web. Access may be limited to ProQuest affiliated libraries.
|
| 650 |
|
0 |
|a Climatic changes
|x Government policy
|z Asia
|v Handbooks, manuals, etc.
|
| 650 |
|
0 |
|a Climatic changes
|x Government policy
|z Pacific Area
|v Handbooks, manuals, etc.
|
| 650 |
|
0 |
|a Global warming
|x Government policy
|z Asia
|v Handbooks, manuals, etc.
|
| 650 |
|
0 |
|a Global warming
|x Government policy
|z Pacific Area
|v Handbooks, manuals, etc.
|
| 650 |
|
0 |
|a Greenhouse gases
|x Government policy
|z Asia
|v Handbooks, manuals, etc.
|
| 650 |
|
0 |
|a Greenhouse gases
|x Government policy
|z Pacific Area
|v Handbooks, manuals, etc.
|
| 650 |
|
0 |
|a International trade
|x Environmental aspects
|v Handbooks, manuals, etc.
|
| 655 |
|
4 |
|a Electronic books.
|
| 710 |
2 |
|
|a Asian Development Bank,
|e publisher.
|
| 776 |
0 |
8 |
|i Print version:
|t Monitoring, reporting, and verification manual for clean development mechanism projects.
|d Mandaluyong City, Metro Manila, Philippines : Asian Development Bank, 2016
|h xii, 104 pages
|z 9789292573997
|w (DLC) 2017344976
|
| 797 |
2 |
|
|a ProQuest (Firm)
|
| 856 |
4 |
0 |
|u https://ebookcentral.proquest.com/lib/matrademy/detail.action?docID=5455315
|z Click to View
|